000 00988nam a2200289 a 4500
001 000108445
003 CHAP
005 20220329144012.0
008 140213s2012 mx a |r| |||||||spa d
010 _a104907
011 _a105879
020 _a9786071202635
040 _cCHAP
082 0 4 _a307.1412
_bU32
110 2 _aUACH. Dirección de Centros Regionales Universitarios
_9115918
245 1 0 _aMaestría profesional en gestión del desarrollo rural :
_bplan de estudios /
_cpor UACH. Dirección de Centros Regionales Universitarios.
260 _aChapingo, Méx. :
_bUACH. Dirección de Centros Regionales Universitarios,
_c2012.
300 _a94 p. :
_bil., diasgs,. cuadros.
590 _aE11695DGD
_b10
_c20140219
_lUCH01
_h0913
590 _aE11695DGD
_b10
_c20140219
_lUCH01
_h0913
590 _aE6096MTM
_b05
_c20140213
_lUCH01
_h1112
650 1 4 _aEducación agrícola.
_935491
650 1 4 _aEstudio y enseñanza.
_938511
901 _aBK
942 _cLIBRO
942 _n0
999 _c104907
_d104907